| 000 | 00549nam a22001577a 4500 | ||
|---|---|---|---|
| 008 | 170424b xxu||||| |||| 00| 0 eng d | ||
| 020 | _a9712700500 | ||
| 082 |
_21991 _aDFil 899.211 _bA16 |
||
| 100 |
_920135 _aAlmario, Virgilio S. |
||
| 245 |
_aTaludtod at talinghaga: _bmga sangkap ng katutubong pagtula/ _cVirgilio S. Almario. |
||
| 260 |
_aPasig City: _bAnvil Publishing, Inc., _cc1991. |
||
| 300 |
_a271 pages; _c22 cm. |
||
| 500 | _aIncludes bibliographical references. | ||
| 650 | 0 |
_920136 _aPhilippine literature _vCollections. |
|
| 942 |
_2ddc _cDFIL |
||
| 999 |
_c6648 _d6648 |
||